Addressing skills shortages in Australia (Record no. 122348)
[ view plain ]
| 000 -LEADER | |
|---|---|
| fixed length control field | 01193nam a22001817a 4500 |
| 005 - DATE AND TIME OF LATEST TRANSACTION | |
| control field | 20260508164218.0 |
| 008 - FIXED-LENGTH DATA ELEMENTS--GENERAL INFORMATION | |
| fixed length control field | 260508t2026 at |||||o|||| 00| 0 eng d |
| 041 ## - LANGUAGE CODE | |
| Language code of text/sound track or separate title | eng |
| 110 ## - MAIN ENTRY--CORPORATE NAME | |
| Corporate author | Royal Institution of Chartered Surveyors |
| 245 ## - TITLE STATEMENT | |
| Title | Addressing skills shortages in Australia |
| Medium | [Electronic resource] |
| 260 ## - PUBLICATION INFORMATION | |
| Publisher | Royal Institution of Chartered Surveyors, |
| Date | April 2026 |
| 300 ## - PHYSICAL DESCRIPTION | |
| Physical description | 18p. |
| 520 ## - ABSTRACT | |
| Abstract | This research shows that: - - <br/>Skills shortages, financial constraints and material costs are consistently reported as the biggest constraining factors on construction . The most recent Construction Productivity Report identified the availability of skilled workers as the most important intervention that will increase productivity in construction globally. In Australia there are chronic shortages across four of RICS professional pathways including construction project managers, quantity surveyors, building certifiers and planners. |
| 651 ## - SUBJECT ADDED ENTRY--GEOGRAPHIC NAME | |
| Geographic name | Australia |
| 710 ## - ADDED CORPORATE NAME | |
| Added corporate author | Royal Institution of Chartered Surveyors |
| 856 ## - ONLINE RESOURCE | |
| Uniform Resource Identifier | <a href="https://www.rics.org/content/dam/ricsglobal/documents/reports/RICS-Australia-Skills-Report-April-2026.pdf">https://www.rics.org/content/dam/ricsglobal/documents/reports/RICS-Australia-Skills-Report-April-2026.pdf</a> |
| Public note | Available free on RICS.org |
| 942 ## - ADDED ENTRY ELEMENTS (KOHA) | |
| Suppress in OPAC | Do not suppress in OPAC |
| Lost status | Damaged status | Not for loan | Current library | Shelving location | Date acquired | Total Checkouts | Full call number | Date last seen | Price effective from | Koha item type |
|---|---|---|---|---|---|---|---|---|---|---|
| Virtual | Online | 08/05/2026 | ONLINE PUBLICATION | 08/05/2026 | 08/05/2026 | Online material |